Trenerzy reprezentacji Polski w siatkówce mężczyzn - nagła śmierć - Statystyki

Ogólne statystyki
  • Ten quiz został rozwiązany 201 razy
    180 od ostatniego zresetowania
  • Średni wynik to 5 z 10
Answers on the Grid
Answers color-coded by a green-red scale on the quiz's grid according to % correct below.
Nikola Grbić
Jerzy Brzęczek
Vital Heynen
Miguel Ángel Falasca
Bernardo Rezende
Ferdinando De Giorgi
Sebastian Świderski
Stéphane Antiga
Michał Winiarski
Czesław Michniewicz
Andrea Anastasi
Julio Velasco
Daniel Castellani
Earvin N'Gapeth
Raúl Lozano
Stefano Lavarini
Andrzej Niemczyk
Hubert Jerzy Wagner
Mauro Berruto
Waldemar Wspaniały
Adam Nawałka
Ireneusz Mazur
Bogdan Wenta
Mariusz Wlazły
 
Statystyki odpowiedzi
Odpowiedź % Poprawnych
Nikola Grbić
96%
Vital Heynen
78%
Stéphane Antiga
62%
Hubert Jerzy Wagner
55%
Ferdinando De Giorgi
49%
Andrea Anastasi
48%
Raúl Lozano
44%
Daniel Castellani
39%
Waldemar Wspaniały
39%
Ireneusz Mazur
29%
Nie znaleziono quizów pasujących do podanych kryteriów
Rozkład punktacji
Procent ludzi z każdym wynikiem
Percentyl według liczby udzielonych odpowiedzi
Twoja historia wyników
Nie rozwiązałeś tego quizu od ostatniego zresetowania